[Event "CCCSA IM Norm B 2019"]
[Site "Charlotte"]
[Date "2019.06.06"]
[Round "2.4"]
[White "Dukic, Zachary"]
[Black "Mishra, Abhimanyu"]
[Result "1-0"]
[WhiteElo "2224"]
[BlackElo "2227"]
[Annotator "TA"]
[PlyCount "103"]
[EventDate "2019.06.05"]
[EventType "tourn"]
[EventCountry "USA"]
[SourceTitle "playchess.com"]
[Source "ChessBase"]
[SourceQuality "1"]

{[%evp 11,119,31,39,23,20,32,44,14,45,15,50,13,25,18,47,39,49,29,48,22,56,56,56,56,70,11,87,88,92,82,114,15,66,27,185,215,267,268,505,484,650,637,915,901,901,345,345,345,353,327,311,225,230,230,229,230,230,230,230,230,230,223,226,223,225,200,399,399,415,406,415,411,400,377,510,508,503,479,502,489,627,458,449,447,608,608,750,732,1166,1120,29981,29982,29982,29983,29983,29984,29984,29985,29984,29983,1593,1273,29984,29985,29985,29986,29986,29987,29987,29988]} 1. e4 c5 2. Nf3 e6 3. d4 cxd4 4. Nxd4 Nc6 5. Nc3 Qc7 6. Be3 a6 7. Qf3 {B48: Sicilian: Taimanov: 5 Nc3 Qc7 6 Be3 a6 without Be2} Nf6 8. O-O-O Ne5 9. Qg3 {White is slightly better.} b5 {next ...b4 is good for Black.} 10. f4 (10. a3 Bb7 11. Bxb5 Rc8 12. Ba4 Nxe4 13. Nxe4 Bxe4 14. Bf4 Qa5 15. Bxe5 Qxa4 {1-0 (66) Vachier Lagrave,M (2778)-Harikrishna,P (2729) Germany 2019}) 10... Neg4 $1 11. Bd2 {e5 is the strong threat.} (11. Bg1 $5 {[%cal Re4e5]}) 11... Qa7 12. h3 b4 13. hxg4 {Threatens to win with Nce2.} bxc3 {[#]} 14. Qxc3 $146 ({Predecessor:} 14. Bxc3 Nxe4 {1-0 (70) Nguyen,T (2535)-Bjerre,J (2422) Caleta 2019}) 14... Nxe4 15. Qe3 $36 {[%mdl 2048] White is pushing.} d5 16. Ba5 Qc5 17. Be1 $1 Qb6 18. Qf3 (18. Bd3 $1 $14) 18... Bb7 (18... Bd7 $11) 19. Bd3 $1 $16 Bd6 (19... Qxd4 $2 20. Bb5+ $1 {[%mdl 512]} axb5 21. Rxd4 $18) 20. Kb1 a5 21. Bb5+ (21. Nb5 $16) 21... Ke7 (21... Kf8 $11 22. a4 Kg8) 22. a4 $14 h6 $2 (22... Kf8 $1 $11 {and Black has nothing to worry.}) 23. f5 $18 e5 {[#]} 24. f6+ $1 {[%mdl 512]} gxf6 $2 (24... Nxf6 {might work better.} 25. Nf5+ Kf8) 25. Nf5+ {[%mdl 64] Double Attack} Ke6 26. Nxh6 {White wants to mate with Qf5+.} Ng5 27. Qf5+ Ke7 28. Bd2 $2 (28. Qd7+ Kf8 {[#]} 29. Bxa5 $1 {[%mdl 512]} Qxa5 30. Qxd6+ {[%mdl 64] Double Attack} Kg7 31. Nf5+ Kg6 32. Qe7) 28... Bc8 {Hoping for ...Rxh6.} 29. Qd3 {aiming for Bxg5.} Qd4 30. Qxd4 exd4 31. Rhe1+ Ne4 32. Bc6 {[%mdl 64] Double Attack} Be6 33. Nf5+ ({Much less strong is} 33. Bxa8 Rxa8 34. Rf1 Be5) 33... Bxf5 34. gxf5 ({Don't take} 34. Bxd5 $6 Be5) (34. Bxa8 $6 Be6 $16) 34... Be5 35. Bxa8 (35. Bxd5 Nxd2+ 36. Rxd2 Rab8 $14) 35... Rxa8 36. Rf1 Kd6 37. Rf3 Kc6 38. Be1 Nd6 $2 (38... Rg8 39. g3 (39. Bxa5 Ra8 $18) 39... Rh8 40. Bxa5 Ra8) 39. Bf2 Rg8 40. Bxd4 Ne4 41. Rfd3 Rb8 {intending ...Bxd4.} 42. Kc1 Bxd4 43. Rxd4 {[%mdl 4096] Endgame KRR-KRN} Nf2 44. R1d2 Ne4 45. R2d3 Nf2 46. Rf3 Ne4 47. c4 Nd6 48. cxd5+ Kc5 49. Rd1 Ne4 {[#]} 50. d6 $1 {[%mdl 64] Deflection} Nxd6 51. Rc3+ Nc4 52. Rd7 {Played: b2-b3} 1-0

[Event "CCCSA IM Norm B 2019"]
[Site "Charlotte"]
[Date "2019.06.06"]
[Round "2.5"]
[White "Lokander, Martin"]
[Black "Ynojosa Aponte, Felix Jose"]
[Result "0-1"]
[WhiteElo "2429"]
[BlackElo "2386"]
[Annotator "TA"]
[PlyCount "84"]
[EventDate "2019.06.05"]
[EventType "tourn"]
[EventCountry "USA"]
[SourceTitle "playchess.com"]
[Source "ChessBase"]
[SourceQuality "1"]

{[%evp 15,84,-9,9,10,52,9,52,79,64,54,42,31,98,112,135,108,133,0,-14,-125,299,298,285,302,352,352,341,345,441,435,518,522,552,533,603,578,618,613,611,606,584,370,366,281,260,275,262,266,333,298,283,156,182,155,602,136,106,8,257,254,250,133,126,0,256,236,227,0,0,-29978,-894]} 1. d4 Nf6 2. c4 e6 3. Nc3 d5 4. Nf3 c6 5. e3 Bd6 6. Qc2 Nbd7 7. Bd3 dxc4 8. Bxc4 b5 9. Be2 {D46: Semi-Slav: 5 e3 Nbd7 6 Bd3, Black avoids the Meran} Bb7 (9... O-O 10. O-O Bb7 11. Rd1 Qc7 12. a3 a6 13. b4 a5 14. Bd2 axb4 15. axb4 Nd5 16. Rac1 Nxb4 17. Qb1 Be7 18. Nxb5 Qa5 19. Rc4 Qxb5 20. Bxb4 Bxb4 21. Rxb4 Qxe2 22. Rxb7 {1-0 (76) Sasikiran,K (2666)-Pourramezanali,A (2537) Hamedan 2018}) 10. O-O (10. e4 $5 {[%cal Re4e5]} e5 11. dxe5 Nxe5 12. Nh4 $11) 10... a6 11. e4 {White is slightly better.} e5 12. dxe5 Nxe5 13. Nd4 {[#] Black must now prevent Rd1.} g6 $146 (13... Neg4 $14 14. Nf3 O-O) ({Predecessor:} 13... Neg4 14. g3 g6 15. h3 Nxf2 16. Rxf2 Bxg3 {1-0 (63) Thejkumar,M (2427)-Arun Prasad,S (2509) Dubai 2016}) 14. Rd1 $16 c5 {[#]} 15. Bxb5+ $1 {[%mdl 512]} Kf8 (15... axb5 16. Ndxb5) 16. Nb3 (16. Nf3 $16 Qc7 17. Bg5 Nxf3+ 18. gxf3) 16... axb5 $11 17. Nxc5 (17. Be3 $11 c4 18. Rxd6 $1 {[%mdl 512]}) 17... Bxc5 $4 {[%mdl 8192]} (17... Bc6 $17 {and life is bright.} 18. Bh6+ Kg8) 18. Rxd8+ $18 Rxd8 19. Bh6+ Ke7 {[#]} 20. Nd5+ $1 {[%mdl 576] Discovered Attack} Rxd5 (20... Bxd5 21. Qxc5+) 21. exd5 Rc8 22. Qe2 Nfg4 23. Bf4 f6 24. h3 Nxf2 25. Bxe5 fxe5 26. Qxe5+ Kd8 27. Kh2 Nd3 28. Qg3 Nxb2 {If Black can now play ...Nc4 this consolidates a bit.} 29. Rb1 Nc4 30. Qh4+ {[%mdl 64] Double Attack} Be7 31. Qxh7 Bd6+ 32. Kg1 Bxd5 33. Rxb5 (33. Qxg6 $18 {Hoping for Qg5+.} Rc5 34. h4) 33... Bc5+ $16 34. Kh2 {Strongly threatening Qh8+.} Ne3 $2 (34... Nd6 $16 35. Ra5 (35. Qxg6 Nxb5 36. Qg5+ {[%mdl 64] Double Attack} Kd7 $14) 35... Nb7) 35. Qh8+ $2 (35. Qxg6 $18 {and the rest is easy. Rxc5! is the strong threat.} Ke7 36. Rxc5 Nf1+ 37. Kg1 Rxc5 38. Kxf1) 35... Kd7 {[#]} 36. Qg7+ ({Better is} 36. Qxc8+ $1 $16 Kxc8 37. Rxc5+ Kd7 38. Ra5) 36... Ke6 $2 (36... Be7 $11) 37. Qxg6+ $18 Ke5 38. Qg7+ (38. Qd3 $18 {And now Rxc5! would win.} Bd4 39. Rb4) 38... Ke4 $16 {next ...Bd6+ is good for Black.} 39. Qg6+ (39. Qh7+ $16 Kd4 40. Qg7+ Ke4 41. Qg6+ Ke5 42. Qd3) 39... Ke5 $1 $18 40. Qd3 {Threatens to win with Rxc5!} Bd4 {[#]} 41. Qe2 $2 (41. Rb4 $1 $18 Bc4 42. Qg6) 41... Kd6 $11 {aiming for ...Be5+.} 42. Qh5 $2 {[%mdl 8192]} (42. Rxd5+ $11 Nxd5 43. Qa6+ Rc6 44. Qa3+ Ke6 45. h4) 42... Nf1+ {Accuracy: White = 37%, Black = 34%.} 0-1

[Event "CCCSA IM Norm B 2019"]
[Site "Charlotte"]
[Date "2019.06.07"]
[Round "3.1"]
[White "Mishra, Abhimanyu"]
[Black "Francisco, Richard"]
[Result "0-1"]
[WhiteElo "2227"]
[BlackElo "2226"]
[Annotator "TA"]
[PlyCount "92"]
[EventDate "2019.06.05"]
[EventType "tourn"]
[EventCountry "USA"]
[SourceTitle "playchess.com"]
[Source "ChessBase"]
[SourceQuality "1"]

{[%evp 14,166,22,0,34,0,0,12,22,0,8,5,26,6,39,14,35,1,34,35,114,120,115,113,122,112,105,110,108,106,133,102,203,0,0,0,0,-276,-283,-280,-250,-281,-208,-216,-213,-202,-209,-203,-213,-204,-190,-205,-102,-95,-108,-122,-56,-109,-93,-106,-106,-115,-119,-109,-81,-114,-119,-122,-89,-120,-86,-99,-61,-76,-53,-73,-78,-152,-160,-142,-142,-146,-109,-172,-172,-183,-189,-158,-156,-340,-245,-458,-430,-461,-252,-250,-250,-393,-110,-134,0,-420,-420,-429,-435,-470,-305,-604,-592,-830,-822,-791,-706,-747,-714,-742,-680,-817,-758,-837,-781,-1785,-1746,-1752,-1685,-1475,-1408,-925,-1178,-1399,-1016,-1777,-1779,-1777,-1764,-1723,-1705,-1582,-1489,-1172,-964,-916,-894,-706,-591,-572,-508,-1381,-1293,-2902,-2735,-29985,-29977,-6436,-2889]} 1. e4 c5 2. Nf3 Nc6 3. d4 cxd4 4. Nxd4 g6 5. Nc3 Bg7 6. Be3 Nf6 7. Bc4 O-O 8. Bb3 Re8 {B35: Sicilian: Accelerated Dragon with 5 Nc3: main line} 9. h4 (9. f3 d5 10. exd5 Nb4 11. Nde2 e6 12. Bd4 exd5 13. Qd2 Nc6 14. O-O-O Nxd4 15. Nxd4 Bd7 16. g4 {1-0 (33) Navara,D (2740)-Gelfand,B (2703) Batumi 2018}) 9... h5 10. f3 Qc7 {The position is equal.} 11. Nde2 $146 ({Predecessor:} 11. Qd2 Qg3+ 12. Kf1 Qe5 13. Ndb5 Qb8 14. Nd5 Nxd5 15. exd5 b6 16. dxc6 dxc6 {1-0 (43) Zeng,C (2535)-Zuo,Y (2300) Tianjin 2018}) 11... e6 12. Bf4 Qa5 13. Bd6 b6 14. Qd2 Ba6 15. O-O-O Rac8 16. Kb1 Ne5 (16... Red8 $14) 17. Nd4 $16 Nc4 18. Bxc4 $1 Bxc4 19. Nb3 Qa6 20. e5 Nd5 {Black wants to play ...Nxc3+.} 21. Ne4 Rc6 22. Rc1 b5 (22... f5 $16) 23. f4 $2 (23. g4 $1 $18) 23... Rec8 $11 24. a3 $1 {[#]} b4 $1 $40 {[%mdl 640] Black mounts an attack.} 25. Ka1 $2 {[%mdl 8192]} (25. Bxb4 $11 {and White stays safe.} Bxb3 26. cxb3) (25. axb4 Bxb3) 25... bxa3 $19 26. Bxa3 {and the idea Na5 leaves White hopeful.} Bf8 27. Nd6 Rxd6 28. exd6 Bxd6 29. Qa5 Bxf4 30. Qxa6 Bxa6 31. Nc5 Bxc1 32. Rxc1 Rc6 (32... Bb5 $19 33. c4 Bxc4 $1 {[%mdl 512]} 34. Rxc4 d6) 33. Nxd7 $17 Ne3 34. Kb1 Nc4 (34... Nxg2 $17 35. Nb8 Rb6) 35. Bb4 (35. Be7 $15) 35... e5 $1 36. b3 Bc8 37. bxc4 Bxd7 {[%mdl 4096] Endgame KRB-KRB} 38. c5 Bg4 39. Re1 f6 40. Kb2 Kf7 41. Kc3 Ke6 42. Kc4 a6 43. Ba5 Bf5 44. c3 Bc2 45. Bb6 (45. Re2 $142 Bf5 46. Rd2) 45... f5 $1 46. g3 Be4 {Played: Rc6-c8} 0-1

[Event "CCCSA IM Norm B 2019"]
[Site "Charlotte"]
[Date "2019.06.07"]
[Round "3.2"]
[White "Zapata, Alonso"]
[Black "Lokander, Martin"]
[Result "1-0"]
[WhiteElo "2427"]
[BlackElo "2429"]
[Annotator "TA"]
[PlyCount "95"]
[EventDate "2019.06.05"]
[EventType "tourn"]
[EventCountry "USA"]
[SourceTitle "playchess.com"]
[Source "ChessBase"]
[SourceQuality "1"]

{[%evp 11,94,18,17,9,12,13,30,-10,2,-9,-6,0,0,-62,-58,-62,-71,-65,-55,-47,-14,-24,0,0,7,0,13,0,162,158,158,120,251,235,276,236,222,187,450,447,446,444,442,443,445,435,440,387,477,465,628,608,699,699,699,699,699,697,1640,1163,5189,4910,2039,1956,1581,692,684,668,661,660,589,432,29994,421,422,410,538,528,664,645,6501,5604,29998,29999,29999]} 1. e4 c6 2. d4 d5 3. exd5 cxd5 4. Bd3 Nc6 5. c3 Qc7 6. Ne2 Bg4 7. O-O {B13: Caro-Kann: Exchange Variation and Panov-Botvinnik Attack} e6 8. Qe1 Be7 9. Na3 $146 {White has an edge.} ({Predecessor:} 9. Bf4 Qb6 10. Nd2 Nf6 11. Rb1 O-O 12. Ng3 g6 13. f3 Bf5 14. Nxf5 exf5 {0-1 (39) Blomqvist,E (2488)-Andreikin,D (2725) Astana 2019}) 9... Bh5 10. f4 f5 11. Ng3 Bf7 12. c4 (12. Nb1 $11) 12... Nf6 $15 13. Be3 O-O 14. Rc1 Qd7 15. c5 Ne4 16. Nc2 Bf6 17. b4 h6 18. b5 Ne7 19. Ne2 g5 $2 (19... Rfb8 $11 {and Black is okay.}) 20. Bxe4 $18 dxe4 21. fxg5 hxg5 {[#]} (21... Bh8 $16) 22. Bxg5 $1 {[%mdl 512]} Bg7 (22... Bxg5 23. Qg3) 23. Qg3 Ng6 24. Nf4 e5 $2 (24... Qxb5 25. Nh5 Qa4 26. Nxg7 Kxg7) 25. Nxg6 Bxg6 26. dxe5 Rae8 27. Bf4 Bh5 28. Ne3 Re6 29. Qh3 Bg6 30. a4 Qd4 31. Rc4 Qb2 32. c6 bxc6 33. bxc6 Bxe5 34. c7 Rc8 35. Nxf5 {aiming for Ne7+!} Bxf4 {[#]} 36. Ne7+ $1 {[%mdl 512]} Rxe7 37. Qxc8+ Kg7 38. Qf8+ (38. Rxf4 $142 Qb6+ 39. Kf1 Qb1+ 40. Kf2 Qb6+ 41. Kg3 Qe3+ 42. Kg4 Qe2+ 43. Kh4) 38... Kxf8 39. Rxf4+ Kg7 {( -> ...Qb6+)} 40. c8=Q {White threatens Qf8+ and mate.} Qb6+ 41. Qc5 e3 (41... Qxc5+ $18 42. Rxc5 e3) 42. Qxb6 (42. Qxe7+ $142 Kh6 43. Qf8+ Kh7 44. Rh4+ Bh5 45. Qf7+ {[%mdl 64] Double Attack} Kh8 46. Rxh5+ Qh6 47. Rxh6#) 42... axb6 {[%mdl 4096] Endgame KRR-KRB} 43. Rc1 e2 44. Kf2 Bc2 45. Ke1 Bd1 46. Rc3 Re8 47. Rg3+ Kh8 48. Rh4# {Accuracy: White = 67%, Black = 30%.} 1-0

[Event "CCCSA IM Norm B 2019"]
[Site "Charlotte"]
[Date "2019.06.07"]
[Round "3.3"]
[White "Sinha, Sahil"]
[Black "Dukic, Zachary"]
[Result "0-1"]
[WhiteElo "2283"]
[BlackElo "2224"]
[Annotator "TA"]
[PlyCount "70"]
[EventDate "2019.06.05"]
[EventType "tourn"]
[EventCountry "USA"]
[SourceTitle "playchess.com"]
[Source "ChessBase"]
[SourceQuality "1"]

{[%evp 25,70,73,84,72,72,71,85,23,31,26,29,14,50,12,111,0,0,-4,-14,-49,-49,-50,-50,-73,-68,-85,-65,-301,-302,-291,-195,-925,-298,-924,-921,-884,-882,-828,-506,-817,-798,-29987,-29988,-29994,-29993,-29995,-29996]} 1. d4 Nf6 2. c4 g6 3. Nc3 Bg7 4. e4 d6 5. Be2 O-O 6. Nf3 e5 7. O-O Nc6 8. d5 Ne7 9. Ne1 Nd7 10. Be3 f5 11. f3 f4 12. Bf2 g5 13. Rc1 Rf6 14. Nd3 {E99: King's Indian: Classical Main Line: 9 Ne1 Nd7 10 f3 f5} Rh6 (14... b6 15. b4 a6 16. c5 Rh6 17. cxd6 cxd6 18. g4 fxg3 19. hxg3 Ng6 20. Kg2 Nf6 21. Rh1 Rxh1 22. Kxh1 {1-0 (43) So,W (2744)-Vocaturo,D (2584) Bergamo 2014}) 15. c5 {Hoping for cxd6.} a6 16. c6 ({White should try} 16. Qb3 $16) 16... bxc6 $11 17. dxc6 Nf8 18. Nb4 Nfg6 $146 ({Predecessor:} 18... Qe8 19. Kh1 Ne6 20. Ncd5 Kh8 21. Nxe7 Qxe7 {1-0 (46) Pantazi,A (2454)-Tomizawa,T (2492) ICCF email 2016}) 19. Ncd5 {aiming for Bb6!} a5 {[#]} (19... Kh8 $11 {keeps the balance.}) 20. Nxe7+ ({Better is} 20. Nb6 $1 $16) 20... Nxe7 21. Nd5 Nxd5 22. Bc4 {[%mdl 64] Pin} Kh8 {Threatens to win with ...Ne7.} 23. Bxd5 Qe8 $36 {[%mdl 2048] Strongly threatening ...Qh5. White is under pressure.} 24. Kh1 {[#]} Qh5 $1 {[%csl Gh6][%cal Rh5h2][%mdl 512]} 25. Bg1 $1 g4 26. Qb3 $2 {[#]} ({White should play} 26. Rc3 $15) 26... g3 $1 $19 27. Rc2 Qg5 (27... gxh2 28. Bf2 $17) 28. Re1 $2 {[#]} (28. h3) 28... Rxh2+ $1 {[%mdl 512]} 29. Bxh2 {[#]} Qh4 $1 {[%csl Gg3][%cal Rh4h2][%mdl 576] Pin} 30. Kg1 gxh2+ {[%mdl 64] Discovered Attack} 31. Kh1 Qxe1+ 32. Kxh2 Bf6 {( -> ...Bh4)} 33. Be6 Bh4 {Black mates.} 34. Bxc8 Bg3+ 35. Kh3 h5 {Accuracy: White = 36%, Black = 78%.} 0-1

[Event "CCCSA IM Norm B 2019"]
[Site "Charlotte"]
[Date "2019.06.07"]
[Round "3.4"]
[White "Homa, Seth"]
[Black "Kolay, Alex"]
[Result "1/2-1/2"]
[WhiteElo "2300"]
[BlackElo "2274"]
[Annotator "TA"]
[PlyCount "104"]
[EventDate "2019.06.05"]
[EventType "tourn"]
[EventCountry "USA"]
[SourceTitle "playchess.com"]
[Source "ChessBase"]
[SourceQuality "1"]

{[%evp 9,104,-7,12,3,22,-11,33,45,55,-16,64,-22,0,-6,0,0,-11,0,0,-21,-24,-22,-25,-25,-25,-26,-10,-29,-20,-24,-23,-25,15,-8,4,8,14,0,14,20,22,0,6,0,85,70,81,71,69,45,100,85,189,125,137,97,112,92,72,61,75,24,25,0,0,0,0,0,0,0,37,0,0,7,207,0,0,-68,-72,-216,0,0,0,-530,-520,-560,-361,-462,-113,-758,-459,-453,0,-568,0,-427,0]} 1. b3 e5 2. Bb2 Nc6 3. e3 Nf6 4. Bb5 Bd6 5. Na3 Na5 6. Be2 {A01: Nimzowitsch-Larsen Opening} a6 7. c4 Qe7 (7... O-O 8. Nb1 Re8 9. Nc3 Nc6 10. d3 Bf8 11. Nf3 d5 12. cxd5 Nxd5 13. O-O Nxc3 14. Bxc3 {1-0 (66) Karjakin,S (2753)-Riazantsev,A (2649) St Petersburg 2018}) 8. Nc2 {White is slightly better.} O-O 9. d3 (9. b4 $14 Bxb4 10. Nxb4 Qxb4 {[%mdl 64] Double Attack} 11. Bxe5) 9... Re8 (9... b5 $11) 10. e4 ({White should play} 10. g4 $14) 10... Nc6 11. Nf3 b5 $146 ({Predecessor:} 11... Bc5 12. O-O d6 13. h3 {½-½ (25) Bogdan,D (2455)-Gerard,N (2295) Avoine 2005}) 12. O-O bxc4 13. bxc4 Bc5 14. Nh4 d6 15. Bf3 Rb8 16. Rb1 Rb6 17. Bc3 Bd7 18. g3 Reb8 19. Rxb6 Rxb6 20. Bg2 Ne8 21. Ne3 {With the idea Nd5.} Bxe3 22. fxe3 g6 23. d4 Rb8 24. Nf3 f6 25. Ne1 Nd8 $1 26. Nd3 $36 {[%mdl 2048] White is more active.} Bc6 (26... c5 $11 {remains equal.}) 27. Nb4 $16 Bb7 28. Nd5 Bxd5 29. exd5 Qd7 (29... Nf7 $14) 30. dxe5 fxe5 (30... dxe5 $16 31. a3 Nf7) 31. Qf3 (31. c5 $18) 31... Qe7 32. h4 Ng7 33. e4 Nb7 34. Bd2 Rf8 35. Qb3 (35. Qxf8+ $16 Qxf8 36. Rxf8+ Kxf8 37. g4) 35... Nc5 $11 36. Rxf8+ (36. Qe3 {is interesting.} Rxf1+ 37. Bxf1 Ne8 38. Bb4 Nd7 39. Be2) 36... Qxf8 37. Qa3 Qb8 38. Be3 Qb6 39. Kh2 Kf7 40. Qc1 Ne8 41. Qf1+ Kg7 $2 (41... Nf6 $1 $11 {and Black has nothing to worry.}) 42. Bg5 $2 ({White must play} 42. h5 $1 $18 {[%cal Rh5h6] aiming for h6+.} Qb2 43. h6+ Kg8 44. Kh1) 42... Qb2 {...Nxe4 is the strong threat.} 43. Qe1 ({White should try} 43. Qf3 $11) 43... Qxa2 $15 44. h5 (44. Qe3 $17 {was the only defense.}) 44... Qxc4 $2 (44... gxh5 $19 45. Qe3 Qc2) 45. h6+ $1 $11 Kg8 46. Bh3 $2 {[%mdl 8192]} (46. Be7 $1 $11 Kf7 47. Bd8) 46... Nxe4 $19 47. Be6+ Kh8 48. Bd8 {[#]} Qc2+ $2 (48... a5 $1 $19 {has better winning chances.} 49. Bd7 (49. Qxa5 Qe2+) 49... N8f6 50. Bxf6+ Nxf6 51. Qxa5 Qe2+ 52. Kg1 Qe3+ 53. Kg2 Qxh6 54. Qxc7 Qd2+ 55. Kg1 Qxd5) 49. Kh1 $2 {[%mdl 8192]} (49. Kg1 $17) 49... Qd3 50. Kg2 Qc2+ 51. Kh1 Qd3 52. Kg2 $1 {[#]} Qc2+ $2 {Accuracy: White = 41%, Black = 42%.} (52... a5 $1 $19 53. Bf7 (53. Qxa5 Qxg3+) 53... N8f6 54. Bxf6+ Nxf6 55. Qxa5 Qe2+ 56. Kg1 Qe3+ 57. Kg2 Qxh6) 1/2-1/2

[Event "CCCSA IM Norm B 2019"]
[Site "Charlotte"]
[Date "2019.06.07"]
[Round "3.5"]
[White "Ynojosa Aponte, Felix Jose"]
[Black "Kumar, Nikhil"]
[Result "1-0"]
[WhiteElo "2386"]
[BlackElo "2257"]
[Annotator "RC"]
[PlyCount "33"]
[EventDate "2019.06.05"]
[EventType "tourn"]
[EventCountry "USA"]
[SourceTitle "playchess.com"]
[Source "ChessBase"]
[SourceQuality "1"]
[TimeControl "5400+30"]

1. c4 {[%emt 0:12:41]} Nf6 {[%emt 0:00:00]} 2. Nc3 {[%emt 0:00:02]} e6 {[%emt 0:00:00]} 3. e4 {[%emt 0:00:04]} d5 {[%emt 0:00:05]} 4. e5 {[%emt 0:00:03]} d4 {[%emt 1:31:55]} 5. exf6 {[%emt 0:00:03]} dxc3 {[%emt 0:00:00]} 6. bxc3 {[%emt 0:00:02]} Qxf6 {[%emt 0:00:00]} 7. d4 {[%emt 0:00:01]} e5 {[%emt 0:00:00]} 8. Nf3 {[%emt 0:00:03]} Nc6 {[%emt 0:00:00]} 9. d5 {[%emt 0:00:37]} e4 {[%emt 0:00:00]} 10. Ng5 {[%emt 0:01:53]} Ne5 {[%emt 0:00:00]} 11. Nxe4 {[%emt 0:00:42]} Qg6 {[%emt 0:00:00]} 12. Qd4 {[%emt 0:01:25]} f6 {[%emt 0:00:00]} 13. f4 {[%emt 0:02:15]} Bf5 {[%emt 0:00:00]} 14. Ng3 {[%emt 0:02:43]} Nd3+ {[%emt 0:00:00]} 15. Kd2 {[%emt 0:00:22]} c5 {[%emt 0:00:00]} 16. Qe3+ {[%emt 0:00:29]} Kd8 {[%emt 0:00:00]} 17. Bxd3 {[%emt 0:00:07]} 1-0

[Event "CCCSA IM Norm B 2019"]
[Site "Charlotte"]
[Date "2019.06.07"]
[Round "4.1"]
[White "Francisco, Richard"]
[Black "Sinha, Sahil"]
[Result "1-0"]
[WhiteElo "2226"]
[BlackElo "2283"]
[Annotator "TA"]
[PlyCount "113"]
[EventDate "2019.06.05"]
[EventType "tourn"]
[EventCountry "USA"]
[SourceTitle "playchess.com"]
[Source "ChessBase"]
[SourceQuality "1"]

{[%evp 19,113,19,30,25,36,34,18,25,34,39,37,37,45,40,37,51,50,37,47,23,58,34,58,0,23,-6,0,0,116,0,-4,-30,0,-7,0,-13,65,-33,-17,-60,67,81,43,-66,-62,-66,-97,-85,-65,-68,-81,-189,-189,-320,-49,-50,-49,-54,-40,-49,-50,-47,-51,-29,-35,-156,1400,1635,2749,1090,29974,29975,29975,29976,29976,29977,29977,29974,29977,29979,29978,29979,29979,29980,29980,29981,29982,29983,29983,29984,29984,29985,29985,29986,29986,29987]} 1. e4 c5 2. Nf3 d6 3. d4 cxd4 4. Nxd4 Nf6 5. Nc3 Nc6 6. Bg5 e6 7. Qd2 a6 8. O-O-O Bd7 9. f3 b5 10. Nxc6 Bxc6 11. Kb1 {B67: Sicilian: Richter-Rauzer: 7...a6 8 0-0-0 Bd7, lines without 9 f4 Be7} (11. Ne2 Bb7 12. Kb1 Be7 13. h4 O-O 14. g4 Rc8 15. Nd4 Nd7 16. Bxe7 Qxe7 17. Qe3 b4 18. g5 Nc5 {1-0 (32) Leko,P (2693)-Kozul,Z (2613) Tallinn 2016}) 11... Rc8 12. Ne2 Bb7 13. Nd4 {The position is equal.} Be7 14. h4 h6 15. Be3 h5 16. g3 Nd7 17. Bh3 {Hoping for Bxe6!} Ne5 18. Qe2 $146 ({Predecessor:} 18. Bxe6 fxe6 19. Nxe6 Nxf3 20. Qe2 {½-½ (29) Steinke,R (2223)-Pascual Perez,N (2298) LSS email 2012}) 18... Qa5 19. f4 Nc4 20. Bc1 (20. Nb3 $5 {[%cal Rb3a5]} Qa4 21. Bd4 $11) 20... Bf6 21. Rhe1 O-O $1 22. Nb3 Qc7 23. Nd4 Qc5 {[#]} (23... Rfe8 $11 {remains equal.}) 24. c3 (24. Nxe6 $1 $16 {[%mdl 512]} Qb4 (24... fxe6 25. Bxe6+) 25. Rd3 (25. Nxf8 Bxb2 26. Qxc4 {[%mdl 64] Remove Defender} bxc4 27. c3 Bxc3+ {[%mdl 64] Discovered Attack} 28. Kc2 Bxe1 29. Rxe1 Qxe1 {[%mdl 64] Double Attack} 30. Bg2 Bxe4+ 31. Bxe4 Qxe4+ 32. Kd1 Qd3+ {[%mdl 64] Double Attack} 33. Ke1 Re8+ 34. Ne6 Rxe6+ 35. Be3 Rxe3+ {[%mdl 64] Double Attack} 36. Kf2 Re2+ {[%mdl 64] Double Attack} 37. Kg1 Qd1#)) 24... Rfe8 $1 $11 25. Nb3 Qc7 26. Bf1 (26. Qxh5 $2 b4 $19) 26... g6 27. Qf2 a5 (27... Bg7 $11) 28. Bxc4 ({White should try} 28. f5 $1 $14) 28... bxc4 $15 29. Nd4 {White wants to play Nb5.} Qb6 ({Better is} 29... Qc5 $15) 30. e5 $14 Bg7 31. Be3 (31. g4 $14 hxg4 32. Qg3) 31... Be4+ $15 ({But not} 31... dxe5 $6 32. Nf5 $1 $14 {[%mdl 512]}) 32. Ka1 {Nf5! is the strong threat.} Qb7 ({Of course not} 32... dxe5 $6 {[#]} 33. Nf5 $1 $11 {[%mdl 512]}) 33. exd6 Red8 34. Nc2 Bd3 35. Bd4 (35. Nd4 $17) 35... Rb8 $19 {[%csl Gb8][%cal Rb7b2]} ({Less strong is} 35... Rxd6 36. Bxg7 Kxg7 37. Rd2 $15) 36. b3 (36. Rb1 $142) 36... cxb3 $2 (36... Rxd6 $19 37. Qh2 Bxc2 38. Qxc2 Bxd4 39. cxd4 cxb3 40. axb3 Qxb3 41. Qxb3 Rxb3) 37. Rxd3 $15 {Black must now prevent Bxg7.} bxc2 38. Qxc2 {Strongly threatening Bxg7.} Rxd6 39. Rb1 Qxb1+ 40. Qxb1 Rxb1+ 41. Kxb1 Bxd4 42. Rxd4 ({Only move:} 42. cxd4 $15 Kg7 43. Kc2) 42... Rd5 $2 (42... Rxd4 $17 43. cxd4 Kg7) 43. Rxd5 $18 exd5 {[%mdl 4096] Endgame KP-KP} 44. Kb2 Kg7 45. Kb3 {White mates.} Kf6 46. Ka4 Kf5 47. Kxa5 Kg4 48. Kb4 Kxg3 49. a4 Kxf4 50. a5 g5 51. a6 g4 52. a7 g3 53. a8=Q g2 54. Qg8 {[%mdl 64] Double Attack} Kf3 55. Qxf7+ Kg3 56. Qxh5 g1=Q 57. Qg5+ {Accuracy: White = 45%, Black = 48%.} 1-0